000 01501nam0a2200385 4500
001 RU\NLR\BIBL_A\022035678
005 20231009162932.0
010 _a978-5-227-10465-6
_92500
021 _aRU
_bКН-П-23-053166
_9КН-П-23-5338
035 _a(NLR Aleph) 022035678
035 _a(RuMoRGB)012040183
090 _a12553274
_c12553274
100 _a20230926d2023 u y0rusy50 ca
101 1 _arus
_ceng
102 _aRU
105 _ay z 000zb
181 0 _ai
_baxxe
182 0 _an
200 1 _aМесси
_dMessi
_eисключительная биография
_fЛука Кайоли
_gпер. с англ. Т. М. Шуликовой, А. И. Ганько
_zeng
203 _aТекст
_bвизуальный
_cнепосредственный
205 _aОбновл. и доп. изд.
210 _aМосква
_cЦентрполиграф
_d2023
215 _a494, [1] с.
_d21
300 _aАвт. также на англ. яз.: Luca Caioli
333 _a12+
510 1 _6z37790
_aMessi
_zeng
600 1 _aМесси
_bЛ.
_gЛионель
_f1987
_xБиография
_2nlr_sh2
_3RU\NLR\AUTH\6601629730
686 1 _aЧ515.783(7А)6-8Месси
700 1 _aКайоли
_bЛ.
_f1958-
_gЛука
_3RU\NLR\AUTH\770153167
702 1 _aМесси
_bЛ.
_f1987-
_gЛионель
_3RU\NLR\AUTH\770169388
_4280
790 1 _6z37510
_aCaioli
_bL.
_f1958-
_gLuca
_3RU\NLR\AUTH\770198049
942 _cBOOK
980 _aNB